unforgettabie days (Record no. 19349)

MARC details
000 -LEADER
fixed length control field 00338nam a22001577a 4500
003 - CONTROL NUMBER IDENTIFIER
control field OSt
005 - DATE AND TIME OF LATEST TRANSACTION
control field 20211122084821.0
008 - FIXED-LENGTH DATA ELEMENTS--GENERAL INFORMATION
fixed length control field 211122b |||||||| |||| 00| 0 eng d
040 ## - CATALOGING SOURCE
Transcribing agency hu
082 ## - DEWEY DECIMAL CLASSIFICATION NUMBER
Classification number 355'4
100 ## - MAIN ENTRY--PERSONAL NAME
Personal name giap,vo nguyen
9 (RLIN) 19110
245 ## - TITLE STATEMENT
Title unforgettabie days
260 ## - PUBLICATION, DISTRIBUTION, ETC.
Name of publisher, distributor, etc. hall
300 ## - PHYSICAL DESCRIPTION
Extent 437
942 ## - ADDED ENTRY ELEMENTS (KOHA)
Source of classification or shelving scheme Dewey Decimal Classification
Koha item type Books like text book referance book
Suppress in OPAC No
Holdings
Withdrawn status Lost status Source of classification or shelving scheme Damaged status Not for loan Home library Current library Shelving location Date acquired Full call number Barcode Date last seen Copy number Price effective from Koha item type Total Checkouts
    Dewey Decimal Classification     Social Library Social Library General Stacks 11/22/2021 355.4/GIA SHLIB 00002816 11/22/2021 1 11/22/2021 Books like text book referance book  
    Dewey Decimal Classification     Social Library Social Library General Stacks 11/22/2021 355.4/GIA SHLIB 00002817 11/22/2021 2 11/22/2021 Books like text book referance book